[Event "5th EKA IIFL Investment 2019"]
[Site "Mumbai"]
[Date "2020.01.05"]
[Round "7.26"]
[White "Moksh Amit Doshi"]
[Black "Saravana, Krishnan P."]
[Result "1/2-1/2"]
[WhiteElo "2377"]
[BlackElo "2313"]
[Annotator "TA"]
[PlyCount "172"]
[EventDate "2019.12.30"]
[EventType "swiss"]
[EventCountry "IND"]
[SourceTitle "playchess.com"]
[Source "ChessBase"]
[SourceQuality "1"]

{[%evp 9,172,-23,-14,-26,10,-41,-37,-35,3,0,0,0,0,0,0,0,0,0,0,-4,0,-17,-17,-51,-35,-77,-51,-97,-102,-100,-77,-89,-80,-69,-54,-71,-65,-61,-41,-52,-54,-145,-140,-134,-135,-165,-164,-173,-175,-165,-172,-175,-172,-216,-187,-260,-260,-316,-328,-281,-260,-406,-378,-360,-179,-183,-193,-186,-186,-187,-187,-189,-194,-214,-214,-214,-214,-229,-143,-143,-143,-149,-127,-149,-149,-149,-127,-127,-127,-127,-127,-127,-127,-127,-127,-127,-127,-127,-127,-127,-14,-14,-17,-18,-8,-74,-74,-74,-43,-43,-29,-29,-29,-43,-28,-29,-29,-36,-28,-36,-36,-43,-36,-43,-36,-43,-43,-82,-74,-74,-82,-82,-75,-75,-75,-75,-75,-68,-68,-75,-75,-75,-75,-75,-75,-75,0,0,0,0,0,0,0,0,0,0,0,0,0,0,0,0,0,0,0]} 1. d4 d5 2. c4 c6 3. Nf3 Nf6 4. Nc3 dxc4 5. e4 b5 $1 6. Be2 {D15: Slav Defence: 4 Nc3 a6 and gambit lines after 4 Nc3 dxc4} b4 (6... a6 7. O-O Bg4 8. a4 Nbd7 9. axb5 axb5 10. Rxa8 Qxa8 11. e5 Bxf3 12. Bxf3 Nd5 13. e6 fxe6 {0-1 (26) Paravyan,D (2629)-Svidler,P (2723) Moscow 2019}) 7. e5 (7. Na4 $11) 7... bxc3 $15 8. exf6 {Black is slightly better.} exf6 9. bxc3 Qa5 10. O-O Be6 $1 11. Nd2 Qxc3 12. Rb1 Be7 13. Bb2 Qa5 14. Nxc4 Qd8 $146 15. Qa4 O-O 16. Bc3 Nd7 $1 17. Ba5 Nb6 18. Qd1 {[%cal Rc4b6]} Rb8 19. a4 Qc7 20. Qc2 Rfd8 21. Rfd1 Rd5 22. Bxb6 axb6 23. Ne3 Rdd8 {[#]} 24. d5 $1 {[%mdl 512]} Bd7 (24... cxd5 25. Qxc7) 25. Bb5 (25. Bf3 $15) 25... Bc5 $17 26. dxc6 Bxc6 27. Bxc6 Qxc6 28. Nf5 Rxd1+ 29. Rxd1 {Strongly threatening Ne7+!} Re8 30. h3 g6 31. Ng3 Kg7 32. Qb3 (32. Kf1 {keeps fighting.}) 32... h5 $19 33. Qc2 h4 34. Nf1 Qe4 35. Rd2 (35. Qxe4 {was called for.} Rxe4 36. Ra1) 35... Qe1 36. a5 Qa1 (36... Rc8 $142 {aiming for ...Bxf2+!} 37. Qb2 bxa5) 37. Qa2 {[#]} Re1 $1 38. Qxa1 Rxa1 39. axb6 Bxb6 {[%mdl 4096] Endgame KRB-KRN} 40. Rd3 f5 41. Rf3 {[#]} Kf6 $1 42. g3 hxg3 43. Rxg3 Ba7 44. Rd3 Ke5 45. Kg2 Bc5 46. Rd7 Ra2 47. Rd2 Ra4 48. Ng3 Rh4 49. Re2+ Kf6 50. Rc2 Bd6 51. Rc6 Ke5 52. Nf1 Kd5 53. Rc2 Bc5 54. Rd2+ Bd4 (54... Ke5 $17 {Threatening ...Ra4.} 55. Ne3 Rd4) 55. Nh2 $1 $11 Re4 56. Nf3 f6 57. Nxd4 (57. h4 $11 {remains equal.}) 57... Rxd4 {KR-KR} 58. Ra2 Ke5 59. Ra5+ Rd5 60. Ra3 Rb5 61. Re3+ Kd6 62. Rd3+ Rd5 63. Ra3 Rc5 64. Rd3+ Ke6 65. Re3+ Kf7 66. Ra3 g5 67. Ra4 Kg6 68. Rb4 Rc3 69. Ra4 Rd3 70. Rb4 f4 71. Rb6 Kf5 72. Rb5+ Ke4 73. Rb6 Ke5 $1 74. Rb5+ Rd5 75. Rb6 Ra5 76. Rc6 Ra3 77. Rb6 f5 ({Black should try} 77... Rc3 $17) 78. Rg6 {The position is equal.} f3+ 79. Kg3 g4 (79... Ra1 {is more complex.} 80. Kxf3 Ra3+ 81. Kg2 Kf4 82. Rb6 Ra4) 80. Rh6 gxh3 81. Rxh3 Rd3 82. Rh4 Ra3 83. Rf4 Ra8 84. Rh4 Ra3 85. Rf4 Ra1 86. Rh4 Ra3 {Accuracy: White = 63%, Black = 62%.} 1/2-1/2

[Event "5th EKA IIFL Investment 2019"]
[Site "Mumbai"]
[Date "2020.01.05"]
[Round "7.27"]
[White "Vantika Agrawal"]
[Black "Sammed Jaykumar, Shete"]
[Result "0-1"]
[WhiteElo "2287"]
[BlackElo "2398"]
[Annotator "TA"]
[PlyCount "84"]
[EventDate "2019.12.30"]
[EventType "swiss"]
[EventCountry "IND"]
[SourceTitle "playchess.com"]
[Source "ChessBase"]
[SourceQuality "1"]

{[%evp 15,84,45,45,42,40,36,53,27,25,24,29,30,49,15,25,0,-5,-11,0,-2,110,119,150,150,150,150,150,150,150,150,190,164,210,207,206,195,189,183,187,194,189,183,166,191,163,0,0,0,0,0,0,0,0,-29985,-29986,-29986,-29987,-29987,-29988,-29989,-29990,-29990,-29991,-29991,-29992,-29992,-29993,-29993,-29992,-29994,-29995]} 1. d4 Nf6 2. c4 e6 3. g3 d5 4. Bg2 dxc4 5. Nf3 a6 6. O-O Nc6 7. e3 Bd7 8. Qe2 b5 9. b3 {E04: Open Catalan: 5 Nf3} cxb3 10. axb3 Be7 11. Bd2 {[%mdl 1024] White is slightly better. White has compensation.} O-O 12. Rc1 Bd6 $146 (12... Nb4 13. Ne5 Nfd5 14. Nc3 c6 15. Ne4 f6 16. Nxd7 Qxd7 17. Nc5 Bxc5 18. Rxc5 f5 19. Ra5 Qc7 20. Ra1 Qd7 21. Ra5 Qc7 22. Ra1 Qd7 {½-½ (22) So,W (2780)-Duda,J (2737) chess.com INT 2018}) 13. Ne1 Qe8 $1 14. Nd3 e5 15. dxe5 Nxe5 16. Nxe5 Bxe5 17. Ra2 Be6 (17... Ra7 $11 {keeps the balance.}) 18. Bb4 $16 Bxb3 19. Bxf8 Bxa2 20. Qxa2 Kxf8 21. Bxa8 Qxa8 22. Rc5 $1 {[%cal Rc5e5]} Bd6 {[#]} 23. Rxb5 $1 {[%mdl 576] Pin} h5 (23... axb5 24. Qxa8+) 24. Ra5 h4 25. Rxa6 Qf3 26. Nd2 $1 {[%cal Rd2f3]} ({Much less strong is} 26. Ra8+ Ke7) 26... Qd1+ 27. Nf1 h3 28. Ra8+ $1 Ke7 {[#]} 29. Rh8 $1 Ne4 {[#]} 30. Rxh3 $2 (30. Qa8 Nd2 $11) (30. Qb2 $1 $18) 30... Ng5 $40 {[%mdl 128] ...Nf3+ is the strong threat. Black has some attack.} 31. Rh8 Nf3+ 32. Kg2 {Strongly threatening e4.} Ne1+ 33. Kh3 {Threatens to win with e4.} Qd3 {( -> ...Qf5+)} 34. Nd2 $2 {[%mdl 8192]} (34. Qa8 $11 Qxf1+ {[%mdl 64] Double Attack} 35. Kh4) 34... Qf5+ {[%mdl 64] Double Attack. Black mates.} 35. g4 Qxf2 {[%csl Gd6][%cal Rf2h2][%mdl 64] Double Attack} 36. Re8+ Kxe8 {[%csl Gd6][%cal Rf2h2]} 37. Qa8+ {[#]} Kd7 $1 {[%csl Gd6][%cal Rf2h2]} 38. Qa4+ c6 {[%csl Gd6][%cal Rf2h2]} 39. Qa7+ Bc7 {[%csl Gc7][%cal Rf2h2]} 40. Qd4+ Kc8 {[%csl Gc7][%cal Rf2h2]} 41. g5 Qxh2+ 42. Kg4 g6 {Accuracy: White = 64%, Black = 73%.} 0-1

[Event "5th EKA IIFL Investment 2019"]
[Site "Mumbai"]
[Date "2020.01.05"]
[Round "7.28"]
[White "Konguvel, Ponnuswamy"]
[Black "Manish Anto Cristiano F"]
[Result "0-1"]
[WhiteElo "2372"]
[BlackElo "2280"]
[Annotator "TA"]
[PlyCount "114"]
[EventDate "2019.12.30"]
[EventType "swiss"]
[EventCountry "IND"]
[SourceTitle "playchess.com"]
[Source "ChessBase"]
[SourceQuality "1"]

{[%evp 13,114,2,13,5,10,22,5,6,21,-1,21,37,31,33,63,0,0,-3,12,-11,33,24,62,35,41,41,41,41,44,43,47,33,47,25,33,25,24,20,23,11,22,21,46,-21,0,-7,18,0,0,0,0,0,9,0,0,3,61,0,0,0,0,0,0,0,0,-67,-68,-88,-86,-112,0,0,0,0,0,0,0,-221,-224,-231,-230,-204,-119,-256,-256,-622,-600,-583,-411,-6552,-5287,-29981,-29982,-29982,-29983,-29984,-29985,-29987,-29987,-29987,-12844,-12845,-12844]} 1. e4 c5 2. Nf3 d6 3. d4 cxd4 4. Nxd4 Nf6 5. Nc3 a6 6. Bg5 Nbd7 7. Bc4 e6 8. O-O {B94: Sicilian Najdorf: 6 Bg5 Nbd7} (8. Qe2 b5 9. Bb3 Nc5 10. O-O-O h6 11. Bh4 Bb7 12. e5 g5 13. Bg3 Nfe4 14. Nxe4 Nxe4 15. exd6 Bg7 16. d7+ Kf8 17. Rhe1 Qb6 18. Nxe6+ fxe6 19. Qf3+ Ke7 20. Rxe4 Bxe4 21. Qxe4 {1-0 (21) Nepomniachtchi,I (2776)-Ding,L (2811) chess.com INT 2019}) 8... Qb6 9. Qd2 Be7 10. Be3 {aiming for Nxe6.The position is equal.} Nc5 11. f3 O-O 12. a3 Qc7 13. Ba2 Re8 14. b4 (14. g4 $14) 14... Ncd7 $11 15. Nce2 Ne5 16. c4 $146 b6 (16... b5 $5) 17. Rac1 Bb7 18. Nf4 Kh8 19. Nd3 Nxd3 20. Qxd3 Rac8 21. Ne2 Qb8 22. Rfd1 Ba8 23. Nc3 Red8 24. Kh1 h6 25. Bb1 Kg8 26. Re1 Bc6 27. Bd4 b5 28. Ba2 (28. Nd5 $14 Bxd5 29. cxd5) 28... Be8 29. Qe2 Qb7 30. e5 dxe5 31. Bxe5 bxc4 32. Bxc4 Rc6 33. Ne4 Nxe4 34. Qxe4 Rdc8 (34... Bf6 $1 $11) 35. Bd3 ({White should play} 35. Rcd1 $14) 35... f5 36. Qe3 Rxc1 37. Rxc1 Rxc1+ 38. Qxc1 Qd5 39. Qe3 ({White should try} 39. Qc3 $11) 39... Qb3 $1 $36 {[%cal Rb3d1][%mdl 2048] Strongly threatening ...Qd1+. Black has some pressure.} 40. Qe2 Qxa3 41. Bb2 Qxb4 ({Better is} 41... Qa2 $1 $17 {And now ...Bb5 would win.} 42. h4 Bb5) 42. Qxe6+ $11 Bf7 43. Qc8+ Bf8 44. Bc3 Qb3 {( -> ...Qd1+)} 45. Kg1 $2 (45. h3 $11 {and White is okay.}) 45... Qd1+ $19 46. Bf1 Qc1 47. Kf2 {[#]} Qc2+ (47... a5 $1 $19 {[%mdl 512]} 48. Bd3 (48. Bxa5 Qxc8) 48... f4) 48. Ke3 {[#]} (48. Kg3 $17 {is the only way for White.}) 48... a5 $1 {[%mdl 512]} 49. Bd3 $2 {[#]} (49. g3) (49. Bxa5 f4+) 49... f4+ $1 {[%mdl 512]} 50. Kd4 (50. Kxf4 Qxd3) 50... Qxg2 51. Bxa5 (51. Bc4 $142 Qxf3 52. Bd2) 51... Qxf3 52. Bd2 Qd5+ 53. Kc3 Qa5+ 54. Kc2 Qa4+ 55. Kc1 Qa3+ {[%mdl 64] Double Attack} 56. Kc2 Qb3+ (56... Bb3+ $142 57. Kc3 Be6+ 58. Kd4 Qd6+ 59. Kc3 Qb4+ 60. Kc2 Qb3+ 61. Kc1 Bxc8 62. Bc2 Ba3+ 63. Kd1 Qf3+ 64. Ke1 Ba6 65. Bb3+ Kh8 66. Bc4 Bxc4 67. h4 Qf1#) 57. Kc1 Qxd3 {Accuracy: White = 39%, Black = 55%.} 0-1

[Event "5th EKA IIFL Investment 2019"]
[Site "Mumbai"]
[Date "2020.01.05"]
[Round "7.29"]
[White "Audi Ameya"]
[Black "Dere Pushkar"]
[Result "0-1"]
[WhiteElo "2359"]
[BlackElo "2061"]
[Annotator "TA"]
[PlyCount "72"]
[EventDate "2019.12.30"]
[EventType "swiss"]
[EventCountry "IND"]
[SourceTitle "playchess.com"]
[Source "ChessBase"]
[SourceQuality "1"]

{[%evp 12,96,21,14,19,20,32,17,13,-8,0,-8,32,32,30,31,35,18,26,25,30,30,33,32,52,48,155,148,156,134,144,143,276,102,145,137,174,181,185,90,100,0,139,154,170,0,0,0,183,-411,-400,-563,-572,-565,-577,-747,-422,-458,-448,-533,-533,-530,-515,-479,-478,-822,-820,-799,-818,-788,-788,-813,-799,-780,-754,-858,-862,-880,-860,-997,-976,-983,-883,-1001,-905,-1182,-1154]} 1. e4 e5 2. Nf3 Nc6 3. Bc4 Bc5 4. O-O Nf6 5. Re1 O-O 6. d3 d6 7. c3 a6 {C54: Giuoco Piano: 4 c3 Nf6, main lines with 5 d4 and 5 d3} (7... Bb6 8. Nbd2 Ng4 9. Re2 Kh8 10. h3 f5 11. exf5 Nxf2 12. Rxf2 Bxf2+ 13. Kxf2 Bxf5 14. Nf1 d5 15. Bb3 {1-0 (36) Ding,L (2801)-Aronian,L (2775) London 2019}) 8. a4 Ba7 9. h3 Ne7 {The position is equal.} 10. Bg5 Ng6 11. Nh4 Nxh4 12. Bxh4 Be6 13. Nd2 h6 14. Qb3 Bxc4 15. Nxc4 g5 $146 16. Bg3 Nh5 17. Bh2 Nf4 18. Rad1 g4 (18... Qd7 $14) 19. Bxf4 (19. Qxb7 gxh3 20. Bxf4 exf4 $11) 19... exf4 20. hxg4 Qh4 21. d4 Qxg4 (21... Rab8 $16 22. e5 Qxg4) 22. e5 $2 (22. Qxb7 $18 {and the rest is easy.} Qd7 23. a5) 22... d5 23. Nd2 c6 24. Qxb7 {[%mdl 64] Double Attack} Qe6 25. Qb3 (25. b4 $18 {has better winning chances.}) 25... Kh8 $16 26. Qb4 ({Better is} 26. Qc2 $16) 26... Rad8 (26... Rg8 $11 {keeps the balance.} 27. Kf1 (27. Qd6 Qh3 $11) 27... Qg6) 27. Qb7 Rg8 {aiming for ...Qh3.} 28. f3 $2 (28. Qxa7 $2 Qh3 $19) ({Only move:} 28. Kf1 $1 $18 Ra8 29. b4 (29. Qxa6 Qg6 $11)) 28... Qh3 $40 {[%csl Gg8][%cal Rh3g2][%mdl 128] White needs to defend precisely.} 29. Re2 Rg7 $2 {[#]} (29... Rg5 $1 $11 {and Black has nothing to worry.} 30. Nf1 (30. Qxa7 {gets mated.} Rdg8 31. Rf2 Rxg2+ 32. Kf1 Rxf2+ 33. Kxf2 Rg2+ 34. Ke1 Qh4+ 35. Kf1 Qh1#) 30... Rdg8) 30. Qxf7 $4 {[%mdl 8192] [#]} (30. Qxa7 {leads to mate.} Rdg8 31. Rf2 Rxg2+ 32. Kf1 Rxf2+ 33. Kxf2 Rg2+ 34. Ke1 Qh4+ 35. Kf1 Qh1#) (30. Rf1 $1 $18 {and life is good for White.} Qd7 31. Qxd7 (31. Qxa6 Ra8 $16) 31... Rxd7 32. b4) 30... Rdg8 $1 $19 {[%cal Rg7g2]} 31. Qf6 (31. Qxg7+ {was called for.} Rxg7 32. e6) 31... Kh7 {[%cal Rg7g2] Black is clearly winning.} 32. Qxg7+ Rxg7 33. e6 {Threatening e7.} Qh4 34. Rde1 {Threatens to win with e7.} Re7 35. b4 Qf6 36. Nb3 {If White can now play Na5 this consolidates a bit.} Qg6 {Played: Ba7-b6} 0-1

[Event "5th EKA IIFL Investment 2019"]
[Site "Mumbai"]
[Date "2020.01.05"]
[Round "7.30"]
[White "Fedorov, Alexei"]
[Black "Souhardo Basak"]
[Result "1/2-1/2"]
[WhiteElo "2562"]
[BlackElo "2254"]
[Annotator "TA"]
[PlyCount "59"]
[EventDate "2019.12.30"]
[EventType "swiss"]
[EventCountry "IND"]
[SourceTitle "playchess.com"]
[Source "ChessBase"]
[SourceQuality "1"]

{[%evp 12,59,2,-4,0,-25,-18,-25,-25,-29,-23,-35,-34,-31,-10,-19,0,-6,0,0,0,-8,0,17,20,7,0,-37,-38,-174,-161,-172,-177,-382,-360,-396,-73,-84,-79,-77,0,0,0,0,0,0,0,0,0,0]} 1. c4 e6 2. d4 Nf6 3. Nc3 Bb4 4. e3 O-O 5. Nge2 Re8 6. a3 Bf8 7. g3 d5 {E46: Nimzo-Indian: Rubinstein: 4 e3 0-0 5 Ne2 without early Bd3} 8. cxd5 exd5 9. Bg2 c6 {Black has an edge.} (9... a5 10. O-O Na6 11. Nf4 c6 12. f3 c5 13. Kh1 Nc7 14. g4 h6 15. Nce2 {0-1 (54) Nakamura,H (2787)-Carlsen,M (2853) chess.com INT 2016}) 10. O-O Bf5 11. f3 h6 $1 12. g4 Bh7 13. Ng3 c5 14. f4 cxd4 15. exd4 Nc6 $146 16. f5 Qb6 17. g5 hxg5 ({Don't blunder} 17... Nxd4 $2 18. Na4 $18) 18. Bxg5 Qxb2 19. Qd3 (19. Bxf6 $5 Qxc3 20. Rf3 $11) 19... Ne4 $1 {[%cal Re4c3]} 20. Bxe4 ({White should play} 20. Ngxe4 $15 dxe4 21. Bxe4 Nxd4 22. Qxd4) 20... dxe4 $19 21. Ngxe4 {[#] Hoping for Rfb1.} Bxf5 $1 {[%mdl 512] ...Nxd4! is the strong threat.} 22. Ra2 $2 (22. Bf6 Bxe4 23. Nxe4 Rxe4 24. Qxe4 gxf6 25. Kh1) (22. Rxf5 Rxe4) 22... Bxe4 $1 23. Qc4 {[#]} Qb6 $2 (23... Ne5 $1 $19 {[%cal Re5c4] is more deadly.} 24. dxe5 Qb6+ 25. Rff2 Bg6) 24. Qxf7+ $17 Kh8 25. Nxe4 Rxe4 (25... Qxd4+ $17 26. Raf2 Qxe4 27. Qh5+ Qh7 28. Qxe8 {[%mdl 64] Remove Defender, Decoy} Rxe8 29. Rxf8+ {[#]} Qg8 $1 {[%mdl 512]} 30. Rxg8+ Kxg8) 26. Qh5+ $11 {The position is equal.} Kg8 27. Qf7+ Kh8 28. Qh5+ Kg8 29. Qf7+ Kh8 30. Qh5+ {Accuracy: White = 44%, Black = 63%.} 1/2-1/2

[Event "5th EKA IIFL Investment 2019"]
[Site "Mumbai"]
[Date "2020.01.05"]
[Round "7.31"]
[White "Rios, Cristhian Camilo"]
[Black "Vatsal Singhania"]
[Result "1/2-1/2"]
[WhiteElo "2498"]
[BlackElo "2230"]
[Annotator "TA"]
[PlyCount "80"]
[EventDate "2019.12.30"]
[EventType "swiss"]
[EventCountry "IND"]
[SourceTitle "playchess.com"]
[Source "ChessBase"]
[SourceQuality "1"]

{[%evp 12,80,11,0,14,31,18,0,0,-7,-5,0,0,0,0,-1,0,0,0,-7,0,0,14,16,21,21,22,24,28,17,25,20,28,29,27,24,25,19,18,18,20,12,14,2,2,0,0,0,0,0,4,1,0,0,0,0,11,18,18,0,0,0,0,0,0,0,0,0,0,0,0]} 1. d4 Nf6 2. c4 e6 3. Nc3 Bb4 4. Qc2 O-O 5. a3 Bxc3+ 6. Qxc3 d5 7. Bg5 h6 {E36: Nimzo-Indian: Classical: 4...d5 5 a3} (7... dxc4 8. Qxc4 b6 9. Rd1 Ba6 10. Qa4 h6 11. Bh4 Qd7 12. Qc2 Nd5 13. Nf3 Rc8 14. Ne5 Qe8 15. e4 Bxf1 16. Kxf1 Ne7 17. Bxe7 Qxe7 18. g3 c5 19. Kg2 Nc6 20. Nxc6 Rxc6 21. d5 Rd6 22. Rd2 {½-½ (22) Mamedyarov,S (2772)-Jakovenko,D (2698) Jerusalem 2019}) 8. Bxf6 Qxf6 9. cxd5 exd5 10. Rc1 c6 11. Nf3 Re8 12. e3 Bf5 13. Be2 Nd7 14. O-O a5 15. b4 axb4 16. axb4 Qd6 $146 17. b5 {[%cal Rb5c6]} Ra3 18. Qb2 Rea8 {[#] ...Ra2 is the strong threat.} 19. bxc6 bxc6 {Threatens to win with ...Ra2.} 20. Qb7 c5 21. dxc5 Nxc5 22. Qb4 Ne4 23. Qxd6 Nxd6 24. Nd4 {aiming for Rc6.} Be4 {The position is equal.} 25. Rfd1 Ra2 26. Bf1 Rb2 27. Ne2 Nc4 28. Nc3 Nd2 {With the idea ...Nb3.} 29. Ra1 Rxa1 30. Rxa1 Rc2 31. Nxe4 (31. Ra2 {keeps more tension.} Rxc3 32. Rxd2 g5 33. f3 Bc2 34. Kf2) 31... dxe4 32. h4 Nxf1 33. Kxf1 $11 {[%mdl 4096] Endgame KR-KR} Rc4 34. Ra8+ Kh7 35. Ra6 Rb4 36. g3 Rb1+ 37. Ke2 Rb2+ 38. Kf1 Rb1+ 39. Ke2 Rb2+ 40. Kf1 Rb1+ {Accuracy: White = 56%, Black = 78%.} 1/2-1/2

[Event "5th EKA IIFL Investment 2019"]
[Site "Mumbai"]
[Date "2020.01.05"]
[Round "7.32"]
[White "Lugovskoy, Maxim"]
[Black "Lokesh, N.."]
[Result "1-0"]
[WhiteElo "2453"]
[BlackElo "2264"]
[Annotator "ChessBase"]
[PlyCount "41"]
[EventDate "2019.12.30"]
[EventType "swiss"]
[EventCountry "IND"]
[SourceTitle "playchess.com"]
[Source "ChessBase"]
[SourceQuality "1"]
[TimeControl "40/5400+30:1800+30"]

1. d4 {[%emt 0:07:28]} Nf6 {[%emt 0:00:00]} 2. Nc3 {[%emt 0:00:05]} d5 {[%emt 0:00:00]} 3. Bf4 {[%emt 0:00:04]} e6 {[%emt 0:00:28]} 4. Nb5 {[%emt 0:00:04]} Na6 {[%emt 0:00:06]} 5. e3 {[%emt 0:00:03]} Be7 {[%emt 0:00:24]} 6. h3 {[%emt 0:00:12]} O-O {[%emt 0:00:52]} 7. Nf3 {[%emt 0:00:02]} c6 {[%emt 0:01:33]} 8. Nc3 {[%emt 0:00:05]} b6 {[%emt 0:00:05]} 9. Ne5 {[%emt 0:00:27]} Nb8 {[%emt 0:01:03]} 10. Bd3 {[%emt 0:09:51]} a5 {[%emt 0:04:51]} 11. O-O {[%emt 0:01:43]} Ba6 {[%emt 0:04:14]} 12. e4 {[%emt 0:02:33]} dxe4 {[%emt 0:19:58]} 13. Nxe4 {[%emt 0:00:23]} Nxe4 {[%emt 0:05:01]} 14. Bxe4 {[%emt 0:00:07]} Bxf1 {[%emt 0:00:05]} 15. Kxf1 {[%emt 0:00:07]} Bd6 {[%emt 0:00:03]} 16. Qf3 {[%emt 0:06:37]} Qc7 {[%emt 0:00:18]} 17. Qg3 {[%emt 0:07:51]} f6 {[%emt 0:03:44]} 18. Ng6 {[%emt 0:08:30]} Bxf4 {[%emt 0:00:55]} 19. Nxf4 {[%emt 0:00:03]} Qd6 {[%emt 0:02:53]} 20. Re1 {[%emt 0:00:28]} Re8 {[%emt 0:21:02]} 21. Bxh7+ {[%emt 0:00:11]} 1-0

[Event "5th EKA IIFL Investment 2019"]
[Site "Mumbai"]
[Date "2020.01.05"]
[Round "7.33"]
[White "Khusenkhojaev, Muhammad"]
[Black "Aradhya, Garg"]
[Result "1-0"]
[WhiteElo "2420"]
[BlackElo "2197"]
[Annotator "TA"]
[PlyCount "69"]
[EventDate "2019.12.30"]
[EventType "swiss"]
[EventCountry "IND"]
[SourceTitle "playchess.com"]
[Source "ChessBase"]
[SourceQuality "1"]

{[%evp 16,69,4,0,14,0,1,-8,35,35,37,34,95,101,104,63,98,94,85,110,142,137,136,133,144,187,175,62,98,85,102,96,106,91,82,98,420,413,472,252,248,220,229,230,306,250,451,486,440,466,29993,29994,29994,29995,29995,29996]} 1. Nf3 d5 2. g3 Nd7 3. c4 dxc4 4. Qa4 a6 5. Qxc4 b5 6. Qc2 Bb7 7. Bg2 Ngf6 8. O-O e6 9. a4 Bd6 {A13: English Opening: 1...e6} (9... c5 10. Nc3 Bc6 11. d3 Be7 12. Nd2 Bxg2 13. Kxg2 O-O 14. Nf3 Qb6 15. axb5 axb5 16. Rxa8 Rxa8 17. Qb3 Ra5 18. Bd2 h6 19. Rc1 Kf8 20. Nb1 Ra8 21. Nc3 Ra5 22. Nb1 Ra8 23. Nc3 Ra5 {½-½ (23) Laznicka,V (2658)-Vallejo Pons,F (2687) Patras 2019}) 10. b3 O-O 11. Bb2 Qe7 $146 {The position is equal.} ({Predecessor:} 11... c5 12. axb5 axb5 13. Rxa8 Bxa8 14. Na3 Qb6 15. Qd3 Rb8 16. Nxb5 Bxg3 17. hxg3 {1-0 (27) Sorcinelli,F (2197)-Rey,F (2156) Biella 2013}) 12. axb5 axb5 13. Nc3 Rfb8 (13... b4 $14 14. Nb5 Bc5) 14. Nd4 $16 b4 15. Ncb5 $1 c5 {Hoping for ...Rxa1.} 16. Bxb7 $1 Rxa1 17. Rxa1 Rxb7 18. Nc6 Qf8 19. Nxd6 Qxd6 20. Ra8+ Nf8 21. Na5 (21. Rc8 $18) 21... Rd7 22. Nc4 Qe7 23. Ne5 Rc7 24. Qd3 Nd5 25. Qb5 {And now Nc6 would win.} f6 $2 {[%mdl 8192] [#]} (25... Rb7 $16 {is a better chance.} 26. Qc6 Rc7) 26. Re8 $1 $18 {[%cal Re8e7]} Qd6 27. Nc4 (27. Qb8 $142 Nb6 28. f4) 27... Qc6 {[#]} 28. Qb8 $1 {[%csl Gb8][%cal Re8f8]} Rf7 29. Rc8 Qa6 30. Kg2 $40 {[%mdl 128] White attacks with force.} ({Not} 30. Rxc5 Qa2 $16) 30... Qa2 $2 (30... e5 31. Rxc5 Ne7) 31. Nd6 Ne7 32. Rxc5 {Qe8! is the strong threat.} Qxb2 {[#]} (32... Neg6 $18 33. Nxf7 Qxb2) 33. Qe8 $1 {[%mdl 512] White mates.} Neg6 34. Qxf7+ Kh8 {[#]} 35. Rc8 $1 {Accuracy: White = 55%, Black = 35%.} 1-0

[Event "5th EKA IIFL Investment 2019"]
[Site "Mumbai"]
[Date "2020.01.05"]
[Round "7.34"]
[White "Neelash Saha"]
[Black "Pandey Srishti"]
[Result "1-0"]
[WhiteElo "2356"]
[BlackElo "2040"]
[Annotator "TA"]
[PlyCount "53"]
[EventDate "2019.12.30"]
[EventType "swiss"]
[EventCountry "IND"]
[SourceTitle "playchess.com"]
[Source "ChessBase"]
[SourceQuality "1"]

{[%evp 13,71,33,47,41,43,29,59,12,48,43,74,65,69,48,49,57,76,79,85,87,92,72,64,70,56,59,83,84,79,8,62,59,74,71,13,-27,11,0,25,26,400,292,622,18,14,20,81,81,482,475,1189,1164,2376,2368,1809,1727,29992,29993,29993,1453]} 1. d4 Nf6 2. c4 g6 3. Nc3 Bg7 4. e4 d6 5. h3 O-O 6. Be3 e5 7. d5 a5 8. g4 {E71: King's Indian: 4 e4 d6 5 h3} Na6 9. Nge2 Nd7 10. Ng3 {White is slightly better.} (10. Qd2 Ndc5 11. Ng3 c6 12. Be2 cxd5 13. exd5 f5 14. gxf5 Bxf5 15. Nxf5 gxf5 {½-½ (50) Grandelius,N (2691)-McShane,L (2688) Eskilstuna 2019}) 10... Ndc5 11. h4 c6 12. Be2 cxd5 13. cxd5 Bd7 14. Qd2 Qe7 15. h5 Rfc8 16. f3 $146 Rab8 17. Kf2 b5 {[%cal Bb7b5,Bb5b4,Bb4b3][%mdl 32]} 18. Rag1 b4 19. Nd1 b3 20. a3 $1 Na4 {Hoping for ...Rc2.} 21. Bd3 (21. Qxa5 $16 N6c5 22. Qd2) 21... N6c5 (21... Bb5 $11) 22. Bb1 $1 $14 Nb6 23. hxg6 fxg6 {Threatens to win with ...Nc4.} 24. Ke1 Nc4 25. Qh2 Nxe3 26. Nxe3 Bf6 $2 {[%mdl 8192] [#]} (26... Kf7 $11) 27. g5 {Played: Ng3-f5} 1-0